Expeditions Geography For icse class 9 (Record no. 174000)

MARC details
000 -LEADER
fixed length control field 00662nam a22002177a 4500
005 - DATE AND TIME OF LATEST TRANSACTION
control field 20200313153541.0
010 ## - LCCN (DPL NO)
LC control number ENG-128031
020 ## - INTERNATIONAL STANDARD BOOK NUMBER
International Standard Book Number 9789353430139
Terms of availability 420.00
035 ## - SYSTEM CONTROL NUMBER
System control number EN-111563
037 ## - SOURCE OF ACQUISITION
Source of stock number/acquisition DBAD/PUB
082 ## - DEWEY DECIMAL CLASSIFICATION NUMBER
Classification number 910
100 ## - MAIN ENTRY--PERSONAL NAME
Personal name Banerjee,Sheekha Rani
245 ## - TITLE STATEMENT
Title Expeditions Geography For icse class 9
Statement of responsibility, etc by sheekha Rani ...[et .al]
260 ## - PUBLICATION, DISTRIBUTION, ETC. (IMPRINT)
Place of publication, distribution, etc Noida
Name of publisher, distributor, etc Pearson
Date of publication, distribution, etc 2020
270 ## - ADDRESS
Address 15th floor,Tower-B,World Trade Tower,plot no.1,Block-c,sector 16
City Noida
Postal code 201301
300 ## - PHYSICAL DESCRIPTION
Extent 226p.
Dimensions 27cm(pbk)
700 ## - ADDED ENTRY--PERSONAL NAME
Personal name Gurung,sushma
700 ## - ADDED ENTRY--PERSONAL NAME
Personal name Chowdhury,Raktima
700 ## - ADDED ENTRY--PERSONAL NAME
Personal name Khawas,Binita
942 ## - ADDED ENTRY ELEMENTS (KOHA)
Source of classification or shelving scheme Dewey Decimal Classification
Item type English Books
Classification part 910
Call number suffix BAN
Edition .
Holdings
Withdrawn status Lost status Not for loan Collection code Home library Current library Date acquired Source of acquisition Cost, normal purchase price Full call number Barcode Copy number Cost, replacement price Koha item type
      Non-fiction Central Library Central Library 13/03/2020 DBAD/PUB 420.00 910 BAN EN-111563 1 420.00 English Books

© Delhi Public Library
Hit Counter
free hit counter